Vista normal
Vista MARC
- Discapacitados psíquicos-
Entrada Materia
Número de registros utilizados en: 1
001 - NÚMERO DE CONTROL
- campo de control: 2147
003 - IDENTIFICADOR DEL NÚMERO DE CONTROL
- campo de control: ES-MaFIAP
005 - FECHA Y HORA DE LA ÚLTIMA TRANSACCIÓN
- campo de control: 20231214122658.0
008 - DATOS DE LONGITUD FIJA
- campo de control de longitud fija: 231214|| aca||aabn | a|a d
040 ## - FUENTE DE LA CATALOGACIÓN
- Centro catalogador/agencia de origen: ES-MaFIAP
- Centro/agencia transcriptor: ES-MaFIAP
150 ## - ENCABEZAMIENTO--TÉRMINO DE MATERIA
- Término de materia o nombre geográfico como elemento de entrada: Discapacitados psíquicos-
- Subdivisión general: Protección y asistencia-
- Subdivisión geográfica: España
670 ## - FUENTE DE DATOS ENCONTRADOS
- Cita de la fuente: Work cat.: (ES-MaFIAP)826: Plan del CERMI para la protección de las familias con personas discapacitadas / , 2003





